| 000 | 01673nam a2200277Ia 4500 | ||
|---|---|---|---|
| 999 |
_c50477 _d50477 |
||
| 001 | 17425 | ||
| 003 | GE_BSU | ||
| 005 | 20200213133718.0 | ||
| 008 | 181216s2011ru xx |||||||||||||| ||rus|| | ||
| 020 | _a9785865475521 | ||
| 040 | _cGE_BSU | ||
| 041 | _arus | ||
| 080 | _a811.161.1 Р-89 | ||
| 100 |
_aБалыхина, Татьяна. _97044 |
||
| 245 |
_aРусский язык. Основной курс : _bПрактическая грамматика для студентов-иностранцев естественных и технических специальностей / _c Татьяна Балыхина ; Татьяна Василишина ; Эльта Леонова ; Иван Пугачев ; Ред. М.О.Насонкина |
||
| 264 |
_aСанкт-Петербург : _bЗлатоуст, _c2011. |
||
| 300 |
_a304 стр, _c25 см |
||
| 653 | _aОт производителя Пособие для иностранных студентов естественных и технических специальностей, владеющих русским языком только в объеме полной или частичной программы подготовительного факультета. Предназначено для работы с преподавателем. | ||
| 653 | _aРусский язык | ||
| 653 | _aრუსული ენა | ||
| 700 |
_aВасилишина, Татьяна _97045 |
||
| 700 |
_aЛеонова, Эльта _97046 |
||
| 700 |
_aПугачев, Иван _97047 |
||
| 700 |
_aНасонкина, М.О _eრედაქტორი _97048 |
||
| 942 |
_cBK _2udc |
||